000 00999nam a2200277 a 4500
001 61005
003 BD-RjUL
005 20211209080918.0
008 170105r19751971ne c b 011 0 eng d
020 _a0444100946
035 _a(BD-RjUL)61129
040 _aBD-RjUL
_beng
_cBD-RjUL
041 _aeng
082 _a382.101
_bTRA 1975
245 0 0 _aTrade, balance of payments and growth :
_bpapers in international economics in honor of Charles P. Kindleberger /
_cedited by Jagdish N. Bhagwati ... [et al.]
260 _aAmsterdam ;
_aLondon :
_bNorth-Holland,
_c1971 [Reprinted 1975]
300 _axi, 532 p. :
_bill. ;
_c23 cm.
504 _aIncludes bibliographical references and index.
650 0 _aBalance of payments.
_9173613
650 0 _aInternational economic relations.
_9172391
650 0 _aInternational trade.
_9172390
700 1 _aBhagwati, Jagdish N.,
_d1934-
_9181936
700 1 _aKindleberger, Charles Poor,
_d1910-2003.
_9181937
942 _2ddc
_cBK
999 _c61005
_d61005